Descentralización y democracia en México /
Guardat en:
| Autor principal: | |
|---|---|
| Format: | Desconegut |
| Idioma: | Spanish |
| Publicat: |
México :
El Colegio de México
|
| Etiquetes: |
Afegir etiqueta
Sense etiquetes, Sigues el primer a etiquetar aquest registre!
|
MARC
| LEADER | 00000 a2200000 04500 | ||
|---|---|---|---|
| 001 | 39907 | ||
| 003 | cru CIDCACS/IIS | ||
| 005 | 20231004165917.0 | ||
| 008 | 050608s1986 mx spa d | ||
| 020 | |a 968120347X | ||
| 040 | |c cru CIDCACS/IIS |b cru CIDCACS/IIS | ||
| 090 | |a 04.03.03 T693d | ||
| 100 | |a Torres, Blanca, |c compiladora | ||
| 245 | |a Descentralización y democracia en México / |c Blanca Torres | ||
| 260 | |a México : |b El Colegio de México | ||
| 300 | |a 280 páginas | ||
| 590 | |a APC-05-2010 | ||
| 852 | 1 | 1 | |i 04.03.03 T693d |
| 942 | |2 z |c LI |h 04.03.03 T693d |i 05939 |6 040303_T693D_05939 | ||
| 999 | |c 15343 |d 15343 | ||



